All "Midnights" Songs - Taylor Swift - Statistics

General Stats
  • This quiz has been taken 417 times
  • The average score is 19 of 23
Answer Stats
Hint Answer % Correct
1 Lavender Haze
98%
3 Anti-Hero
94%
11 Karma
94%
23 Karma (feat. Ice Spice)
94%
4 Snow On The Beach (feat. Lana Del Rey)
92%
22 Snow On The Beach (feat. More Lana Del Rey)
92%
2 Maroon
90%
6 Midnight Rain
90%
9 Bejeweled
87%
5 You're On Your Own, Kid
87%
13 Mastermind
84%
16 Paris
83%
8 Vigilante Shit
83%
7 Question...?
80%
14 The Great War
80%
20 Dear Reader
79%
15 Bigger Than The Whole Sky
78%
10 Labyrinth
78%
19 Would've, Could've, Should've
78%
18 Glitch
77%
12 Sweet Nothing
77%
21 Hits Different
74%
17 High Infidelity
69%
No matching quizzes found
Score Distribution
Percent of People with Each Score
Percentile by Number Answered
Your Score History
You have not taken this quiz